| 000 | 00354nam a2200133Ia 4500 | ||
|---|---|---|---|
| 008 | 240624s9999 xx 000 0 und d | ||
| 041 | _aeng | ||
| 082 | _a512.209 LIV | ||
| 100 | _aLIVIO MARIO | ||
| 245 | _aEQUATION THAT COULDN T BE SOLVED HOW MAT | ||
| 260 |
_c2006 _aNew York _bSimon & Schuster |
||
| 300 | _axii, : 353 : p. : cm. ; 23 | ||
| 365 |
_c _b38 |
||
| 999 |
_c28235 _d28235 |
||